Besteuerung von Streubesitzdividenden - [section] 8b Absatz 4 KStG n. F. : Gestaltungsempfehlungen zur Vermeidung der Steuerpflicht /

Bibliographic Details
Main Author: Kluth, Julia, (Author)
Format: eBook
Language:German
Published: Hamburg, [Germany] : Diplomica Verlag, 2015.
Subjects:
Online Access:Click to View
LEADER 01779nam a2200397 i 4500
001 EBC4455671
003 MiAaPQ
005 20200520144314.0
006 m o d |
007 cr cnu||||||||
008 160407t20152015gw ob 000 0 ger d
020 |z 9783959347235 
020 |a 9783959342230  |q (electronic bk.) 
035 |a (MiAaPQ)EBC4455671 
035 |a (Au-PeEL)EBL4455671 
035 |a (CaPaEBR)ebr11177754 
035 |a (OCoLC)945874174 
040 |a MiAaPQ  |b eng  |e rda  |e pn  |c MiAaPQ  |d MiAaPQ 
050 4 |a HJ4631  |b .K588 2015 
082 0 |a 336.2426  |2 23 
100 1 |a Kluth, Julia,  |e author. 
245 1 0 |a Besteuerung von Streubesitzdividenden - [section] 8b Absatz 4 KStG n. F. :  |b Gestaltungsempfehlungen zur Vermeidung der Steuerpflicht /  |c Julia Kluth. 
264 1 |a Hamburg, [Germany] :  |b Diplomica Verlag,  |c 2015. 
264 4 |c 2015 
300 |a 1 online resource (100 pages) 
336 |a text  |2 rdacontent 
337 |a computer  |2 rdamedia 
338 |a online resource  |2 rdacarrier 
504 |a Includes bibliographical references. 
588 |a Description based on online resource; title from PDF cover page (ebrary, viewed April 11, 2016). 
590 |a Electronic reproduction. Ann Arbor, MI : ProQuest, 2016. Available via World Wide Web. Access may be limited to ProQuest affiliated libraries. 
650 0 |a Dividends  |x Taxation. 
655 4 |a Electronic books. 
776 0 8 |i Print version:  |a Kluth, Julia.  |t Besteuerung von Streubesitzdividenden - [section] 8b Absatz 4 KStG n. F. : Gestaltungsempfehlungen zur Vermeidung der Steuerpflicht.  |d Hamburg, [Germany] : Diplomica Verlag, c2015   |h 102 pages   |z 9783959347235 
797 2 |a ProQuest (Firm) 
856 4 0 |u https://ebookcentral.proquest.com/lib/matrademy/detail.action?docID=4455671  |z Click to View